Forests and livelihoods : (Record no. 35161)

MARC details
000 -LEADER
fixed length control field 01389cam a2200337 a 4500
001 - CONTROL NUMBER
control field 4452686
003 - CONTROL NUMBER IDENTIFIER
control field OSt
005 - DATE AND TIME OF LATEST TRANSACTION
control field 20220418153333.0
008 - FIXED-LENGTH DATA ELEMENTS--GENERAL INFORMATION
fixed length control field 950629s1995 nyub b 001 0 eng
010 ## - LIBRARY OF CONGRESS CONTROL NUMBER
LC control number 95034013
020 ## - INTERNATIONAL STANDARD BOOK NUMBER
International Standard Book Number 0312129114 (hardback)
040 ## - CATALOGING SOURCE
Original cataloging agency DLC
Transcribing agency HU
Modifying agency DLC
043 ## - GEOGRAPHIC AREA CODE
Geographic area code d------
050 00 - LIBRARY OF CONGRESS CALL NUMBER
Classification number SD418.3.D44
Item number B37 1995
082 00 - DEWEY DECIMAL CLASSIFICATION NUMBER
Classification number 333.75/137/091724
Edition number 20
100 1# - MAIN ENTRY--PERSONAL NAME
Personal name Barraclough, Solon,
Dates associated with a name 1922-2002.
9 (RLIN) 36469
245 10 - TITLE STATEMENT
Title Forests and livelihoods :
Number of part/section of a work the social dynamics of deforestation in developing countries /
Statement of responsibility, etc. Solon L. Barraclough and Krishna B. Ghimire.
260 ## - PUBLICATION, DISTRIBUTION, ETC.
Place of publication, distribution, etc. New York :
Name of publisher, distributor, etc. St. Martin's Press,
Date of publication, distribution, etc. 1995.
300 ## - PHYSICAL DESCRIPTION
Extent xiii, 259 p. :
Other physical details maps ;
Dimensions 23 cm.
440 #0 - SERIES STATEMENT/ADDED ENTRY--TITLE
Title International political economy series
9 (RLIN) 36470
500 ## - GENERAL NOTE
General note "In association with UNRISD."
504 ## - BIBLIOGRAPHY, ETC. NOTE
Bibliography, etc. note Includes bibliographical references (p. 245-253) and index.
650 #0 - SUBJECT ADDED ENTRY--TOPICAL TERM
Topical term or geographic name entry element Deforestation
Geographic subdivision Developing countries.
9 (RLIN) 36471
650 #0 - SUBJECT ADDED ENTRY--TOPICAL TERM
Topical term or geographic name entry element Deforestation
General subdivision Social aspects
Geographic subdivision Developing countries.
9 (RLIN) 36472
650 #0 - SUBJECT ADDED ENTRY--TOPICAL TERM
Topical term or geographic name entry element Forests and forestry
Geographic subdivision Developing countries
9 (RLIN) 36473
700 1# - ADDED ENTRY--PERSONAL NAME
Personal name Ghimire, K. B.
Fuller form of name (Kléber Bertrand)
9 (RLIN) 36474
710 2# - ADDED ENTRY--CORPORATE NAME
Corporate name or jurisdiction name as entry element United Nations Research Institute for Social Development.
9 (RLIN) 36475
906 ## - LOCAL DATA ELEMENT F, LDF (RLIN)
a 7
b cbc
c orignew
d 1
e ocip
f 19
g y-gencatlg
942 ## - ADDED ENTRY ELEMENTS (KOHA)
Source of classification or shelving scheme Dewey Decimal Classification
Koha item type Books like text book referance book
Suppress in OPAC No
Holdings
Withdrawn status Lost status Source of classification or shelving scheme Damaged status Not for loan Collection code Home library Current library Shelving location Date acquired Total Checkouts Full call number Barcode Date last seen Copy number Price effective from Koha item type
    Dewey Decimal Classification     Reference Wondo Genet Library Wondo Genet Library General Stacks 04/18/2022   333.75/137/091724 WGCFNRL00019713 04/18/2022 1 04/18/2022 Books like text book referance book
    Dewey Decimal Classification     Reference Wondo Genet Library Wondo Genet Library General Stacks 04/18/2022   333.75/137/091724 WGCFNRL00019714 04/18/2022 2 04/18/2022 Books like text book referance book